Matemática II Apuntes para un libro de Texto

Bibliographic Details
Main Author: Walsh mendoza, carlos J, Salmerón Ordoñoez, Felix M.
Format: Section = Libro
Language:Undetermined
Spanish
Published: Nicaragua UNI [s.f.]
Subjects:
LEADER 00521nam a2200181Ia 4500
008 240830s9999 xx 000 0 und d
040 |a B-ESTELÍ- RUACS / 515 W223 
041 |a spa 
082 |a 515 W223 
100 1 |a Walsh mendoza, carlos J, Salmerón Ordoñoez, Felix M. 
245 1 0 |a Matemática II Apuntes para un libro de Texto 
260 |a Nicaragua  |b UNI  |c [s.f.] 
300 |a 298 p. :il. 
650 7 |a CALCULO - INTEGRALES 
650 7 |b  SUCESIONES - MATEMATICAS 
942 |c BK  |2 ddc 
991 |a TEXTO 
999 |c 10938